00246nam a2200097Ia 4500008004100000100002900041245004500070260000900115942000700124999001700131190216s9999||||xx |||||||||||||| ||und|| aEalam Kulam Kunjan Pilla 0aChera Samrajyam 9 Um 10 Um Nootandukalil bNull cBK c18594d18594